MARC

LEADER 00000nam0a2200000 4500
001 338115
005 20231102005022.0
035 |a (RuTPU)RU\TPU\book\364604 
090 |a 338115 
100 |a 20171120d1936 km y0rusy50 ca 
101 0 |a rus 
102 |a RU 
105 |a a z 000zy 
200 1 |a Высшая техническая школа  |e ежемесячный журнал  |h № 5  |f Всесоюзный комитет по высшему техническому образованию 
210 |a Москва  |c ОНТИ  |d 1936 
215 |a 145 с.  |c ил. 
606 1 |a Образовательные технологии в высшей школе  |2 stltpush  |3 (RuTPU)RU\TPU\subj\69568  |9 84369 
610 1 |a высшая школа 
610 1 |a СССР 
610 1 |a методы 
610 1 |a дипломные проекты 
610 1 |a защита 
610 1 |a аспиранты 
610 1 |a молодые специалисты 
610 1 |a учебные фильмы 
610 1 |a микропроцессорная аппаратура 
610 1 |a методические вопросы 
610 1 |a НИР 
610 1 |a научно-исследовательские работы 
610 1 |a зарубежные вузы 
610 1 |a журналы 
610 1 |a библиотека М. А. Усова 
686 |a Ч481.22  |v LBC/SL-A  |2 rubbk 
712 0 1 |a СССР  |b Всесоюзный комитет по высшему техническому образованию  |c (1932-1936)  |2 stltpush  |3 (RuTPU)RU\TPU\col\23559  |9 28356 
801 1 |a RU  |b 63413507  |c 20171120 
801 2 |a RU  |b 63413507  |c 20180221  |g RCR 
942 |c BK